000 01000nam a2200253Ia 4500
003 OSt
005 20220923220403.0
006 a|||||r|||| 00| 0
007 ta
008 220922b |||||||| |||| 00| 0 hin d
024 _a186,293
037 _cTextual
040 _aARTS
_cARTS
_bhin
041 _2hin
_ahin
082 _aY:1v2'D, 152K9
100 _aशर्मा, शिव कुमार
245 0 _aप्राचीन भारत का सांस्कृतिक इतिहास (पूर्व ऐतिहासिक काल से 12 ई तक)
246 _aPrāchīn bhārat kā sāanskṛutik itihās (pūrva aitihāsik kāl se 1200 ī taka)
260 _aमेरठ
_b केदार नाथ रामनाथ
_c1985
300 _a424 पृ.
_ccm.
650 _aभारतीय-लोक साहित्य
942 _hY:1v2'D, 152K9
_cTEXL
_2CC
999 _c339538
_d339538